| 000 | 00840nam a2200229 4500 | ||
|---|---|---|---|
| 001 | 109671 | ||
| 003 | ES-MaACL | ||
| 005 | 20250828095218.0 | ||
| 007 | t| | ||
| 008 | 061121s1983 sp r ||||1| spa d | ||
| 020 | _a84-362-1129-4 | ||
| 080 | _a339.9 | ||
| 245 | 0 | 0 |
_aOrganización económica internacional / _cbajo la coordinación y supervisión de Joaquín Muns. |
| 260 |
_aMadrid : _bUniversidad Nacional de Educación a Distancia, Facultad de Ciencias Económicas y Empresariales, _c1983. |
||
| 300 |
_a415 p. ; _c30 cm. |
||
| 504 | _aBibliografía. | ||
| 650 | 4 |
_aEconomía internacional. _912028 |
|
| 700 | 1 |
_aMuns, Joaquín. _984222 |
|
| 710 | 2 |
_aUniversidad Nacional de Educación a Distancia (España). _bFacultad de Ciencias Económicas y Empresariales _97415 |
|
| 852 | 4 |
_aES-MaACL _jL-7011 |
|
| 999 |
_c109671 _d109671 |
||